Bảo vệ quyền lợi người tiêu dùng thông qua các phương thức giải quyết tranh chấp : Luận văn Thạc sĩ Luật học. Chuyên ngành Luật Kinh tế

Nghiên cứu, phân tích, đánh giá các quy định của pháp luật về giải quyết tranh chấp giữa người tiêu dùng và tổ chức, cá nhân kinh doanh.

Gardado en:
Detalles Bibliográficos
Autor Principal: Đặng, Minh Đương
Formato: Libro
Idioma:Undetermined
Publicado: Cần Thơ Trường Đại học Cần Thơ 2017
Những chủ đề:
Các nhãn: Engadir etiqueta
Sen Etiquetas, Sexa o primeiro en etiquetar este rexistro!
Thư viện lưu trữ: Trung tâm Học liệu Trường Đại học Cần Thơ
LEADER 01125nam a2200217Ia 4500
001 CTU_224437
008 210402s9999 xx 000 0 und d
082 |a 343.597071 
082 |b Đ561 
100 |a Đặng, Minh Đương 
245 0 |a Bảo vệ quyền lợi người tiêu dùng thông qua các phương thức giải quyết tranh chấp : 
245 0 |b Luận văn Thạc sĩ Luật học. Chuyên ngành Luật Kinh tế 
245 0 |c Đặng Minh Đương ; Phạm Trí Hùng (Cán bộ hướng dẫn) 
260 |a Cần Thơ 
260 |b Trường Đại học Cần Thơ 
260 |c 2017 
520 |a Nghiên cứu, phân tích, đánh giá các quy định của pháp luật về giải quyết tranh chấp giữa người tiêu dùng và tổ chức, cá nhân kinh doanh. 
650 |a Consumer protection,Bảo vệ người tiêu dùng 
650 |x Law and legislation,Luật và pháp chế 
650 |z Vietnam,Việt Nam 
980 |a Trung tâm Học liệu Trường Đại học Cần Thơ